[Event "Challenge"]
[Site "http://www.queenalice.com/game.php?id=1285055"]
[Date "2014.5.30"]
[Round "-"]
[White "Ana_Cris"]
[Black "Fernandoalves"]
[Result "0-1"]
[WhiteElo "1419"]
[BlackElo "1654"]

1. g4 d5 2. g5 e6 3. d4 Be7 4. Nf3 f6 5. h4 Nc6 6. Rg1 e5 7. a3 e4 8. Nh2 Bd6 9.
Rh1 Nge7 10. gxf6 gxf6 11. e3 Bf5 12. Nd2 Qd7 13. f3 Bg3+ 14. Ke2 Bxh4 15. Rg1
Nxd4+ 16. exd4 e3 17. Nb3 Bg5 18. Bxe3 Qe6 19. Qd2 Bxc2 0-1

[Event "Challenge"]
[Site "http://www.queenalice.com/game.php?id=1285056"]
[Date "2014.5.30"]
[Round "-"]
[White "TomasBlack"]
[Black "Ana_Cris"]
[Result "1-0"]
[WhiteElo "1672"]
[BlackElo "1525"]

1. e4 a6 2. d4 d6 3. f4 f5 4. Bd3 fxe4 5. Bxe4 d5 6. Bxd5 Qxd5 7. Nc3 Qxg2 8.
Qf3 Qxf3 9. Nxf3 Nc6 10. O-O Bf5 11. Rf2 Nh6 12. d5 Nb4 13. a4 Nxc2 14. Ra2
O-O-O 15. Nh4 Be4 16. Nxe4 Nb4 17. Ra3 Ng4 18. Re2 Nxd5 19. Rd2 Nxf4 20. Rxd8+
Kxd8 21. Bxf4 e5 22. Rd3+ Kc8 23. Bg5 Bb4 24. Nf5 h6 25. Be7 Bxe7 26. Nxe7+ Kb8
27. b4 Re8 28. Nf5 g6 29. Nfg3 b6 30. Rc3 Rd8 31. Rc6 Rd1+ 32. Kg2 h5 33. Rxg6
Ne3+ 34. Kf2 1-0

[Event "Challenge"]
[Site "http://www.queenalice.com/game.php?id=1285057"]
[Date "2014.5.30"]
[Round "-"]
[White "cyrano"]
[Black "Ana_Cris"]
[Result "1-0"]
[WhiteElo "1598"]
[BlackElo "1491"]

1. e4 a6 2. d4 d5 3. e5 f5 4. f4 Nc6 5. c3 Na5 6. Qa4+ c6 7. b4 b5 8. Qxa5 Be6
9. Qa3 Bf7 10. Qb2 e6 11. Nf3 Be7 12. a3 Qb6 13. g3 Nh6 14. Qc2 Bh5 15. Qd3 Ng4
16. h3 Nh6 17. Ra2 Nf7 18. Be2 a5 19. Ng5 Bxe2 20. Qxe2 Nh6 21. Qh5+ Kd7 22. Nf7
Nxf7 23. Qxf7 g5 24. fxg5 Raf8 25. Qh5 a4 26. h4 Kc8 27. g4 f4 28. Rf1 f3 29.
Raf2 c5 30. Be3 cxb4 31. cxb4 Qc6 32. Qh6 Qc4 33. Qxe6+ Kd8 34. Rxf3 Qa2 35.
Qb6+ Ke8 36. Qxb5+ 1-0

[Event "AUTO-INT-2862"]
[Site "http://www.queenalice.com/game.php?id=1285471"]
[Date "2014.6.1"]
[Round "1"]
[White "Ana_Cris"]
[Black "salvachess"]
[Result "0-1"]
[WhiteElo "1622"]
[BlackElo "1643"]

1. g4 e5 2. a3 Nf6 3. g5 Nd5 4. Nf3 d6 5. h3 Nc6 6. c4 Nf4 7. d3 g6 8. Bxf4 exf4
9. e3 Bg7 10. d4 fxe3 11. fxe3 Bf5 12. Nc3 O-O 13. Bd3 Qd7 0-1

[Event "AUTO-INT-2862"]
[Site "http://www.queenalice.com/game.php?id=1285472"]
[Date "2014.6.1"]
[Round "1"]
[White "salvachess"]
[Black "Ana_Cris"]
[Result "1-0"]
[WhiteElo "1626"]
[BlackElo "1639"]

1. e4 d5 2. Nc3 dxe4 3. Nxe4 a6 4. Nf3 f5 5. Nc3 f4 6. d3 Qd6 7. Ne4 Qh6 8. g3
e5 9. Nxe5 Bd6 10. Bxf4 Qe6 11. Ng5 Qd5 12. Bg2 Qa5+ 13. Qd2 1-0

[Event "Challenge"]
[Site "http://www.queenalice.com/game.php?id=1286403"]
[Date "2014.6.6"]
[Round "-"]
[White "Consultti"]
[Black "Ana_Cris"]
[Result "1-0"]
[WhiteElo "1561"]
[BlackElo "1441"]

1. e4 d6 2. d4 h6 3. Nf3 a6 4. Nc3 Bd7 5. h3 Nc6 6. Ne5 Nf6 7. Bc4 e6 8. Nxd7
Qxd7 9. Qd2 g5 10. b3 Nh5 11. g3 Bg7 12. d5 Nd4 13. Qe3 Nxc2+ 14. Ke2 Nxe3 15.
Bxe3 b5 16. Bd3 Bxc3 17. Rac1 b4 18. Bc4 O-O 19. dxe6 fxe6 20. Rcd1 1-0

[Event "World Cup 2014 !!!"]
[Site "http://www.queenalice.com/game.php?id=1290311"]
[Date "2014.6.24"]
[Round "-"]
[White "vangogh"]
[Black "Ana_Cris"]
[Result "1-0"]
[WhiteElo "1496"]
[BlackElo "1455"]

1. e4 a6 2. d4 h6 3. e5 d6 4. f4 dxe5 5. d5 Qd6 6. Nf3 exf4 7. Qd4 c5 8. Qe4 f5
9. Qxf4 Qxd5 10. Bc4 Qe4+ 11. Qxe4 fxe4 12. Ne5 e6 13. O-O 1-0

[Event "Netherlands vs Brazil ?"]
[Site "http://www.queenalice.com/game.php?id=1290313"]
[Date "2014.6.24"]
[Round "-"]
[White "Ana_Cris"]
[Black "vangogh"]
[Result "0-1"]
[WhiteElo "1471"]
[BlackElo "1480"]

1. g4 g5 2. d4 d5 3. Nc3 Nf6 4. f3 h6 5. h3 h5 6. Bxg5 Qd6 7. f4 hxg4 8. h4 Nc6
9. a3 Ne4 10. Nxe4 Qe6 11. Bg2 dxe4 0-1

[Event "Challenge"]
[Site "http://www.queenalice.com/game.php?id=1390504"]
[Date "2015.10.23"]
[Round "-"]
[White "MGSCUCIATO"]
[Black "Ana_Cris"]
[Result "1-0"]
[WhiteElo "1471"]
[BlackElo "1389"]

1. Nf3 b6 2. Nc3 Nc6 3. a4 e6 4. e4 Bc5 5. d4 Bb4 6. Bd2 a5 7. Nb5 Ba6 8. c3 Bd6
9. Ng5 h6 10. Nh3 g5 11. Qf3 f6 12. e5 Be7 13. O-O-O Bxb5 14. axb5 1-0

[Event "Challenge"]
[Site "http://www.queenalice.com/game.php?id=1417412"]
[Date "2016.4.9"]
[Round "-"]
[White "Ana_Cris"]
[Black "Consultti"]
[Result "0-1"]
[WhiteElo "1400"]
[BlackElo "1527"]

1. c4 Nc6 2. e4 e5 3. d3 Bc5 4. Nf3 d6 5. h3 Nd4 6. Nxd4 Bxd4 7. Qe2 Qh4 8. g3
Qf6 9. Nd2 Bxf2+ 10. Qxf2 Qg6 11. Nf3 Nf6 12. Nh4 Qh5 13. Be2 Ng4 0-1